| 000 | 00679nam a2200241 i 4500 | ||
|---|---|---|---|
| 001 | 94719 | ||
| 003 | ES-MaACL | ||
| 005 | 20230906181535.0 | ||
| 007 | t| | ||
| 008 | 050512s1981 sp ||||1| spa d | ||
| 020 | _a84-02-07728-5 | ||
| 080 | _a820-31"19" | ||
| 100 | 1 |
_aLowry, Malcolm. _974391 |
|
| 245 | 1 | 0 |
_aBajo el volcán / _cMalcolm Lowry; traducción de Raúl Ortiz y Ortiz. |
| 250 | _a3ª ed. | ||
| 260 |
_aBarcelona : _bBruguera, _c1981. |
||
| 300 |
_a413 p. ; _c19 cm. |
||
| 490 | 1 |
_aNarradores de hoy ; _v42 |
|
| 700 | 1 |
_aOrtiz y Ortiz, Raúl. _987659 |
|
| 830 | 1 |
_aNarradores de hoy ; _v42 _9182895 |
|
| 852 |
_aES-MaACL _jL-3529 |
||
| 999 |
_c94719 _d94719 |
||